| 000 | 00731nam a22001937a 4500 | ||
|---|---|---|---|
| 999 |
_c196131 _d196131 |
||
| 005 | 20230630125106.0 | ||
| 010 | _aB-751968-981 CHEN 25.5.23 | ||
| 020 |
_a9788188197705 _c425.00 |
||
| 035 | _aB-751968-981 | ||
| 037 | _bKavita Book Center | ||
| 082 | _aS | ||
| 100 | _aDubey,C.M. | ||
| 245 |
_aSindbad and Other Stories from the Arabian Nights / _cby C.M. Dubey |
||
| 260 |
_aDelhi _bKavita Book Center _c2022 |
||
| 270 |
_aF-5/13, Lajpatrai Choowk _bDelhi _e110051 |
||
| 300 |
_a126p. _c21cm(pbk) |
||
| 942 |
_2ddc _cCH _mDUB _hS |
||